00784nam a2200205 a 450000100100000000500170001000800410002702000150006804000250008308200130010824501140012126000340023530000270026949000350029670000480033170000290037983000420040895201110045099900170056100004288920201002040457.0140212s1973 sp a 000 0 spa d a8433903535 aDO-SdBNPbspacBNPHU axxxbxxx00aLa cavidad teatral /ctextos y entrevistas de Donald M. Kaplan ... [et al.] ; traducción Joaquín Jordá. aBarcelona :bAnagrama,c1973. a88 p. :bil. ;c18 cm.1 aCuadernos anagramaateatrov5312aJordá, Joaquín,d1935-2006,etr.97032912aKaplan, Donald M.970330 0aCuadernos anagramapteatron53970331 001050718MOaGRbGRcCTd2014-02-12iLF1l0oxxx xxxp42889-10r2020-06-25w2020-06-25y1ZNo se presta c42378d42378